[Event "Open de Louviers"]
[Site "Louviers"]
[Date "2004.05.31"]
[Round "5"]
[White "Varin, Joel"]
[Black "Vallobra, Pierre"]
[Result "1-0"]
[WhiteElo "1710"]
[BlackElo "1410"]
[PlyCount "97"]

{79872kB, GENERAL.ctg
} 1. e4 e5 2. Nf3 Nc6 3. Bb5 d6 4. O-O Nf6 5. Re1 Be7 6.
c3 O-O 7. h3 d5 8. exd5 Qxd5 9. c4 Qc5 10. Bxc6 bxc6 11. Rxe5 Qd6 12. d4 Ba6
13. b3 Rae8 14. Bf4 Bc8 15. Nc3 a5 16. Qd2 Qb4 17. Rae1 Bd7 18. Qc2 Bd6 19. Rb5
Rxe1+ 20. Nxe1 cxb5 21. Nd3 Bf5 22. Nxb4 Bxc2 23. Nxc2 Bxf4 24. Nxb5 Re8 25. g3
Bd6 26. c5 Bf8 27. Ne3 Rd8 28. Nc2 Nd5 29. a3 Ra8 30. a4 Rb8 31. Kg2 c6 32. Na7
Ne7 33. Kf3 Ra8 34. Nxc6 Nxc6 35. Ke4 Nb4 36. Nxb4 axb4 37. Kd5 Ra7 38. Kc4 f6
39. Kxb4 Be7 40. Kc4 Rc7 41. b4 Kf8 42. b5 Ke8 43. b6 Rb7 44. Kb5 Kd8 45. a5
Kc8 46. d5 Bd8 47. Kc6 g5 48. a6 Rb8 49. a7 1-0

[Event "Open de Louviers"]
[Site "Louviers"]
[Date "2004.05.31"]
[Round "5"]
[White "Leguillon, David"]
[Black "Delengaigne, Gregory"]
[Result "1-0"]
[WhiteElo "1620"]
[BlackElo "1170"]
[PlyCount "71"]

1. d4 d5 2. Nf3 Nc6 3. e3 Nf6 4. c3 Bf5 5. Bd3 e6 6. O-O Bd6 7. h3 O-O 8. Qc2
Bxd3 9. Qxd3 e5 10. dxe5 Nxe5 11. Nxe5 Bxe5 12. Nd2 c5 13. f4 c4 14. Qc2 Bc7
15. Nf3 Ne4 16. Bd2 f5 17. Be1 Bb6 18. Qe2 Bc5 19. Rd1 Qb6 20. Rxd5 Bxe3+ 21.
Kh1 Bxf4 22. Qxc4 Qe6 23. Nd4 Qf7 24. Rxf4 Nd6 25. Qb3 Rfe8 26. Rxd6 Qxb3 27.
Nxb3 Rxe1+ 28. Kh2 g6 29. Rfd4 Ree8 30. Rd7 b6 31. Rc7 Re2 32. Nd2 a5 33. Rdd7
Rf8 34. Rg7+ Kh8 35. Rxh7+ Kg8 36. Rcg7# 1-0

[Event "Open de Louviers"]
[Site "Louviers"]
[Date "2004.05.31"]
[Round "5"]
[White "Gaebel, Cedric"]
[Black "Vine, Guillaume"]
[Result "0-1"]
[WhiteElo "1300"]
[BlackElo "1620"]
[PlyCount "90"]

1. e4 e5 2. d3 Nc6 3. Nc3 Bc5 4. Nf3 d6 5. Be2 Nf6 6. Bd2 O-O 7. O-O Ne7 8. Bg5
Ng6 9. Bxf6 Qxf6 10. Nd5 Qd8 11. d4 Bb6 12. dxe5 Nxe5 13. Nxe5 dxe5 14. Nxb6
axb6 15. Qxd8 Rxd8 16. Rad1 Be6 17. Rxd8+ Rxd8 18. Rd1 Ra8 19. b3 h6 20. Bc4
Bxc4 21. bxc4 Rxa2 22. Rc1 Ra4 23. h3 Rxc4 24. c3 Rxe4 25. Rd1 Rc4 26. Rd8+ Kh7
27. Rb8 Rxc3 28. Rxb7 Kg6 29. g3 f5 30. Rb8 f4 31. gxf4 exf4 32. Rd8 Rxh3 33.
Rd7 c5 34. Rd6+ Kg5 35. Rxb6 c4 36. Rc6 Rc3 37. Kf1 h5 38. Ke2 h4 39. Kd2 Rd3+
40. Kc2 Rf3 41. Rxc4 Rxf2+ 42. Kd3 h3 43. Rc5+ Kg4 44. Rc2 Rxc2 45. Kxc2 h2 0-1

[Event "Open de Louviers"]
[Site "Louviers"]
[Date "2004.05.31"]
[Round "5"]
[White "Grenet, Dominique"]
[Black "Frigere, Guy"]
[Result "1-0"]
[WhiteElo "1600"]
[BlackElo "1380"]
[PlyCount "75"]

1. e4 e5 2. Nf3 Nc6 3. d4 d6 4. dxe5 dxe5 5. Qxd8+ Nxd8 6. Nxe5 Bd6 7. Nc4 Bc5
8. Nc3 Bd7 9. Bf4 Ne6 10. Bg3 Nf6 11. Bd3 O-O 12. O-O Nh5 13. Nd5 Nxg3 14. hxg3
c6 15. Nde3 b5 16. Ne5 Bxe3 17. fxe3 Rad8 18. Rf2 f6 19. Nf3 Kh8 20. b4 h6 21.
Nh4 Be8 22. a4 bxa4 23. Rxa4 Rd7 24. Bc4 Ng5 25. Bd3 Re7 26. b5 c5 27. Rc4 Re5
28. Ra4 Kh7 29. Nf3 Nxf3+ 30. Rxf3 Rf7 31. Rf5 g5 32. Ra6 Kg7 33. Rxe5 fxe5 34.
Re6 Bxb5 35. Bxb5 a5 36. Rxe5 Ra7 37. Ba4 Rc7 38. Rd5 1-0

[Event "Open de Louviers"]
[Site "Louviers"]
[Date "2004.05.31"]
[Round "5"]
[White "Becrit, Guy"]
[Black "Drouineau, Olivier"]
[Result "1/2-1/2"]
[WhiteElo "1240"]
[BlackElo "1580"]
[PlyCount "82"]

1. d4 d5 2. c4 c6 3. Nf3 Nf6 4. e3 e6 5. Nc3 Nbd7 6. Bd3 dxc4 7. Bxc4 Qc7 8.
O-O Bd6 9. e4 e5 10. d5 c5 11. Qc2 a6 12. a4 O-O 13. Bg5 h6 14. Bxf6 Nxf6 15.
h3 Bd7 16. Nd2 Nh5 17. Ne2 b5 18. axb5 Bxb5 19. b3 Qb6 20. Rfb1 Bd7 21. Bxa6 f5
22. Bc4 fxe4 23. Nxe4 Bf5 24. g4 Bxe4 25. Qxe4 Nf6 26. Qg6 Qd8 27. Ng3 Qe8 28.
Qxe8 Rfxe8 29. Rxa8 Rxa8 30. Nf5 Rd8 31. Ra1 g6 32. Nxd6 Rxd6 33. Re1 e4 34.
Re3 Kg7 35. f3 exf3 36. Re6 Rxe6 37. dxe6 Kf8 38. Kf2 Ke7 39. Kxf3 g5 40. Ke3
h5 41. Kf3 h4 1/2-1/2

[Event "Open de Louviers"]
[Site "Louviers"]
[Date "2004.05.31"]
[Round "5"]
[White "Bordelet, Louis"]
[Black "Arinal, Serge"]
[Result "1-0"]
[WhiteElo "1760"]
[BlackElo "1420"]
[PlyCount "89"]

1. e4 e6 2. d4 d5 3. e5 c5 4. c3 Nc6 5. Nf3 Bd7 6. a3 a6 7. b4 b6 8. Bd3 Qc7 9.
O-O Nge7 10. Re1 Nc8 11. Bf4 Be7 12. Bg3 Qd8 13. Nbd2 cxd4 14. cxd4 b5 15. Nb3
Nb6 16. Nc5 Qc8 17. Qc2 g6 18. Qc3 Nc4 19. a4 Bxc5 20. dxc5 O-O 21. Bh4 d4 22.
Nxd4 N6xe5 23. Bxc4 Nxc4 24. Bf6 Qc7 25. Qc1 Nd6 26. cxd6 Qxc1 27. Raxc1 bxa4
28. Nc6 h5 29. Ne7+ Kh7 30. Rc7 Bb5 31. Nc6 a3 32. Nd4 a2 33. Nxe6 Rfe8 34.
Rxf7+ Kg8 35. Rg7+ Kh8 36. Rxg6+ Kh7 37. Rg7+ Kh8 38. Re7+ Kg8 39. Rg7+ Kh8 40.
Ra7+ Kg8 41. Rxa8 Rxa8 42. Nc5 Kf7 43. Ba1 Rd8 44. Re7+ Kf8 45. Ne6+ 1-0

[Event "Open de Louviers"]
[Site "Louviers"]
[Date "2004.05.31"]
[Round "5"]
[White "Bordelet, Arthur"]
[Black "Voegele, Francois-Marie"]
[Result "1-0"]
[WhiteElo "1410"]
[BlackElo "1499"]
[PlyCount "99"]

1. e4 e5 2. Nf3 Nc6 3. d4 d6 4. dxe5 dxe5 5. Qxd8+ Kxd8 6. a3 Bc5 7. Bb5 Bd6 8.
Nc3 Nf6 9. Bg5 Be6 10. O-O-O a6 11. Bxc6 bxc6 12. Nxe5 Ke8 13. Nxc6 h6 14. Bxf6
gxf6 15. Rhf1 Rg8 16. g3 Kd7 17. Nd4 Bh3 18. Rg1 Rg5 19. f4 Rh5 20. Rd2 Bg4 21.
Re1 Rb8 22. Nb3 Bf3 23. e5 fxe5 24. fxe5 Kc6 25. exd6 cxd6 26. Rf1 Bg4 27. Rxf7
Rh3 28. Nd4+ Kc5 29. Rc7+ Kb6 30. Rc6+ Kb7 31. Rxd6 Ra8 32. Ne6 a5 33. Nf4 Rh5
34. Nxh5 Bxh5 35. Rd7+ Kc6 36. Rh7 Bf3 37. Rxh6+ Kc7 38. Nd5+ Kd7 39. Nb6+ Ke7
40. Nxa8 Bxa8 41. Re2+ Kf7 42. Rd2 Kg7 43. Rhd6 a4 44. R6d5 Kf6 45. Ra5 Bc6 46.
Rd6+ Ke7 47. Rxc6 Kd7 48. Rh6 Ke7 49. Ra7+ Ke8 50. Rh8# 1-0

[Event "Open de Louviers"]
[Site "Louviers"]
[Date "2004.05.31"]
[Round "5"]
[White "Lebert, Eric"]
[Black "Vine, Romain"]
[Result "1/2-1/2"]
[WhiteElo "1490"]
[BlackElo "1430"]
[PlyCount "72"]

1. e4 e5 2. Nf3 Nc6 3. Bb5 Nf6 4. O-O a6 5. Ba4 b5 6. Bb3 d6 7. Re1 Bg4 8. h3
Bh5 9. c3 Na5 10. Bc2 c5 11. d3 Nc6 12. Nbd2 Be7 13. Nf1 h6 14. Ne3 O-O 15. Nf5
Bg6 16. N3h4 Bh5 17. g4 Bg6 18. Kh1 Bh7 19. Rg1 Nxe4 20. dxe4 Bxh4 21. Nxh4
Qxh4 22. Rg3 Qf6 23. Be3 Qe7 24. Qe2 Rad8 25. Rag1 f6 26. f3 c4 27. h4 Rf7 28.
g5 fxg5 29. hxg5 Qe6 30. g6 Bxg6 31. Rxg6 Qh3+ 32. Qh2 Qxf3+ 33. Qg2 Qh5+ 34.
Qh2 Qf3+ 35. Qg2 Qh5+ 36. Qh2 Qf3+ 1/2-1/2

[Event "Open de Louviers"]
[Site "Louviers"]
[Date "2004.05.31"]
[Round "5"]
[White "Abra, Mohammed"]
[Black "Mougin, Loic"]
[Result "1-0"]
[WhiteElo "1499"]
[BlackElo "1240"]
[PlyCount "61"]

1. e4 c5 2. Nf3 Nc6 3. d4 b6 4. Nc3 d6 5. Bb5 Bd7 6. Be3 a6 7. Bc4 b5 8. Bxf7+
Kxf7 9. Ng5+ Ke8 10. Qf3 Nf6 11. Rd1 Bg4 12. Qg3 Bxd1 13. Nxd1 cxd4 14. Bd2 Qd7
15. Qd3 Qg4 16. g3 h6 17. h3 Qd7 18. Nf3 e5 19. c3 dxc3 20. Bxc3 Be7 21. b3 b4
22. Bd2 a5 23. Ne3 Qc8 24. Nh4 Qa6 25. Nc4 Kf7 26. O-O g5 27. Nf5 Rhd8 28.
Nxh6+ Ke6 29. Bxg5 d5 30. exd5+ Rxd5 31. Qf5# 1-0

[Event "Open de Louviers"]
[Site "Louviers"]
[Date "2004.05.31"]
[Round "5"]
[White "Divry, Sylvie"]
[Black "Duc, Marie-Christine"]
[Result "0-1"]
[WhiteElo "1250"]
[BlackElo "1480"]
[PlyCount "88"]

1. d4 d5 2. c4 c6 3. e4 Nf6 4. e5 Nfd7 5. Nf3 e6 6. a3 c5 7. Be3 cxd4 8. Bxd4
Nc6 9. Be3 Ndxe5 10. c5 Qa5+ 11. b4 Nxf3+ 12. Qxf3 Nxb4 13. axb4 Qxa1 14. Bd3
Qf6 15. Qg3 Qe7 16. O-O g6 17. Bb5+ Bd7 18. Bxd7+ Qxd7 19. Bd4 Rg8 20. Re1 Bg7
21. Be3 Rc8 22. Nd2 Bc3 23. Qg5 Bxb4 24. Qh6 f6 25. Qf4 Bxc5 26. Qxf6 Qf7 27.
Qc3 b6 28. Nf3 Qc7 29. Qf6 Rg7 30. Qxe6+ Re7 31. Qg8+ Kd7 32. Qxd5+ Qd6 33.
Qb7+ Rc7 34. Qa6 Bxe3 35. Qa4+ Kc8 36. Rd1 Qc6 37. Qa6+ Kb8 38. Rd8+ Rc8 39.
Rd1 Rd7 40. Re1 Bc5 41. Ne5 Bxf2+ 42. Kxf2 Qf6+ 43. Kg1 Re7 44. Qe2 Rc5 0-1

[Event "Open de Louviers"]
[Site "Louviers"]
[Date "2004.05.31"]
[Round "5"]
[White "Benchara, Imane"]
[Black "Lambard, Charles-Antoine"]
[Result "0-1"]
[WhiteElo "1340"]
[BlackElo "1199"]
[PlyCount "48"]

1. d4 d5 2. Bf4 Bf5 3. e3 e6 4. Nc3 c5 5. dxc5 Bxc5 6. Nf3 a6 7. Bd3 Bxd3 8.
cxd3 Nf6 9. d4 Bd6 10. Qd2 Bxf4 11. exf4 O-O 12. O-O Nc6 13. Rad1 Qc7 14. Rfe1
Rac8 15. h3 Nh5 16. Qd3 Qxf4 17. g3 Nxg3 18. fxg3 Qxg3+ 19. Kf1 Qxh3+ 20. Ke2
Nb4 21. Qb1 Qg2+ 22. Ke3 f5 23. Re2 f4+ 24. Kd2 Qxf3 0-1

[Event "Open de Louviers"]
[Site "Louviers"]
[Date "2004.05.31"]
[Round "5"]
[White "Zakoski, Thomas"]
[Black "Blaise, Geoffrey"]
[Result "0-1"]
[WhiteElo "1199"]
[BlackElo "1280"]
[PlyCount "80"]

1. e4 e5 2. Nf3 Nc6 3. d4 exd4 4. Nxd4 Nf6 5. Nc3 Bb4 6. Bd2 Nxd4 7. e5 Qe7 8.
f4 d6 9. Bc4 dxe5 10. fxe5 Qxe5+ 11. Be2 Bg4 12. a3 Bxc3 13. Bxc3 O-O-O 14. O-O
Bxe2 15. Qe1 Rhe8 16. Rf2 Nxc2 17. Bxe5 Nxe1 18. Rxe2 Nd3 19. Rd1 Nxe5 20.
Rxd8+ Kxd8 21. Rd2+ Kc8 22. b4 Ne4 23. Rd4 Nc3 24. Rf4 Ne2+ 25. Kf2 Nxf4 26.
Ke3 Nxg2+ 27. Kf2 Nf4 28. Kg3 Ne2+ 29. Kh3 g5 30. a4 h5 31. b5 Nc4 32. b6 a6
33. bxc7 Re3+ 34. Kg2 f5 35. Kf2 g4 36. a5 h4 37. Kf1 g3 38. hxg3 hxg3 39. Kg2
Nf4+ 40. Kh1 Re1# 0-1

[Event "Open de Louviers"]
[Site "Louviers"]
[Date "2004.05.31"]
[Round "5"]
[White "Le Port, Luc"]
[Black "Medghoul, Bilal"]
[Result "0-1"]
[WhiteElo "1220"]
[BlackElo "1280"]
[PlyCount "80"]

1. e3 e5 2. c3 d5 3. e4 dxe4 4. Nh3 Nf6 5. Ng5 h6 6. Bc4 hxg5 7. a3 Bc5 8. O-O
Bg4 9. Qc2 Nc6 10. Ba2 Qd3 11. Qxd3 exd3 12. b4 Bb6 13. c4 a6 14. c5 Ba7 15.
Nc3 Bh5 16. f3 O-O-O 17. Bb1 Nd4 18. Kh1 Nb3 19. Bb2 Nxa1 20. Bxa1 b6 21. Ne4
Nxe4 22. fxe4 bxc5 23. Bxe5 cxb4 24. axb4 Rhg8 25. Rc1 Rde8 26. Bg3 Rxe4 27.
Bxd3 Rxb4 28. Bxa6+ Kd7 29. Rxc7+ Ke6 30. h3 Bb8 31. Rc6+ Kd5 32. Rc1 Bxg3 33.
d3 Ra8 34. Bc4+ Kd4 35. Rf1 Be2 36. Rc1 Bxd3 37. Bxd3 Kxd3 38. Kg1 Ra2 39. Rd1+
Ke2 40. Rc1 Rab2 0-1

[Event "Open de Louviers"]
[Site "Louviers"]
[Date "2004.05.31"]
[Round "5"]
[White "Gehl, Arnaud"]
[Black "Benchara, Sara"]
[Result "0-1"]
[WhiteElo "1400"]
[BlackElo "1160"]
[PlyCount "45"]

1. d4 d5 2. Nc3 Bg4 3. Bg5 c6 4. b4 h6 5. Bf4 Na6 6. Qb1 Nf6 7. e3 e6 8. Bxa6
bxa6 9. f3 Bh5 10. Nh3 Be7 11. e4 dxe4 12. fxe4 O-O 13. O-O Bd6 14. Bxd6 Qxd6
15. e5 Qxd4+ 16. Nf2 Qxe5 17. Re1 Qxc3 18. g3 Ng4 19. Nd1 Qd4+ 20. Kg2 Rad8 21.
c3 Qd5+ 22. Kg1 Bg6 23. Qc1 {Suite illisible} 0-1

[Event "Open de Louviers"]
[Site "Louviers"]
[Date "2004.05.31"]
[Round "6"]
[White "Bersoult, Francois"]
[Black "Haudrechy, Daniel"]
[Result "1-0"]
[WhiteElo "2259"]
[BlackElo "1930"]
[PlyCount "57"]

1. d4 d5 2. c4 e6 3. Nf3 Nf6 4. g3 c5 5. cxd5 Nxd5 6. Bg2 Nc6 7. O-O Qb6 8. e4
Nf6 9. d5 Nd4 10. Nc3 Bd7 11. Ne5 Rd8 12. Re1 Be7 13. Nc4 Qa6 14. Bf1 b5 15. d6
Bf8 16. Nd2 Qb7 17. e5 Nd5 18. Nxd5 exd5 19. Nb3 Nxb3 20. axb3 Be6 21. Bg5 Rc8
22. Ra5 a6 23. Qa1 Rc6 24. Bg2 h6 25. Be3 Qc8 26. Rd1 f6 27. Bxd5 Bxd5 28. Rxd5
fxe5 29. d7+ 1-0

[Event "Open de Louviers"]
[Site "Louviers"]
[Date "2004.05.31"]
[Round "6"]
[White "Duverne, Jean-Marie"]
[Black "Bidon, Sebastien"]
[Result "1/2-1/2"]
[WhiteElo "2090"]
[BlackElo "1499"]
[PlyCount "89"]

1. e4 e6 2. d4 d5 3. Nc3 Bb4 4. e5 b6 5. Qg4 Bf8 6. Bb5+ c6 7. Ba4 Qd7 8. h4
Ba6 9. Nh3 h6 10. Nf4 Bb5 11. Bb3 a5 12. a4 Ba6 13. Be3 Ne7 14. h5 Nf5 15. Qf3
Bb4 16. g4 Ne7 17. Rg1 c5 18. g5 Nbc6 19. gxh6 gxh6 20. O-O-O c4 21. Ba2 Bxc3
22. bxc3 Nf5 23. Kd2 Nce7 24. Rb1 Qxa4 25. Rb2 Qc6 26. Rgb1 b5 27. Ne2 Qc7 28.
Ke1 Kd7 29. Ra1 Rab8 30. Bb1 Ra8 31. Bc1 Rhb8 32. Rba2 Bb7 33. Ba3 Bc6 34. Bc5
Rg8 35. Ng3 a4 36. Bxe7 Nxe7 37. Qxf7 Raf8 38. Qh7 Rh8 39. Qg7 Qa5 40. Ra3 b4
41. cxb4 Qxb4+ 42. c3 Qb2 43. Ne2 Rfg8 44. Qf7 Rf8 45. Qg7 1/2-1/2

[Event "Open de Louviers"]
[Site "Louviers"]
[Date "2004.05.31"]
[Round "6"]
[White "Koumba Mounguengui, Jose Evrard"]
[Black "Vigneron, Frederic"]
[Result "0-1"]
[WhiteElo "2090"]
[BlackElo "2047"]
[PlyCount "60"]

1. e4 c5 2. Nf3 Nc6 3. Nc3 d6 4. Bb5 Bd7 5. d4 cxd4 6. Nxd4 Nf6 7. Be3 g6 8. f3
Bg7 9. Qd2 O-O 10. O-O-O Nxd4 11. Bxd4 Bxb5 12. Nxb5 a6 13. Nc3 Rc8 14. h4 Qa5
15. Kb1 Rfe8 16. h5 gxh5 17. g4 h6 18. gxh5 Kh7 19. Rdg1 Rg8 20. Qf4 Rcf8 21.
e5 dxe5 22. Qf5+ Kh8 23. Bxe5 Qb6 24. Qf4 Kh7 25. Qf5+ Kh8 26. Rg6 fxg6 27.
hxg6 Qe3 28. Bf4 Qxf3 29. Rh3 Qf1+ 30. Bc1 Qxf5 0-1

[Event "Open de Louviers"]
[Site "Louviers"]
[Date "2004.05.31"]
[Round "6"]
[White "Bacon, Nicolas"]
[Black "Serano, Vincent"]
[Result "1-0"]
[WhiteElo "2100"]
[BlackElo "1660"]
[PlyCount "47"]

1. e4 b6 2. Bc4 Bb7 3. Nf3 e6 4. Nc3 Ne7 5. Qe2 Nbc6 6. a3 Ng6 7. d4 Be7 8. Be3
O-O 9. h4 Na5 10. Bd3 f5 11. e5 Rc8 12. b4 Nc6 13. Bg5 Bxg5 14. hxg5 Nf4 15.
Qf1 Ne7 16. Ne2 Nxd3+ 17. cxd3 c5 18. Nf4 Bxf3 19. gxf3 cxd4 20. Qh3 Rc2 21.
Qxh7+ Kf7 22. Qh5+ Kg8 23. g6 Nxg6 24. Qh7+ 1-0

[Event "Open de Louviers"]
[Site "Louviers"]
[Date "2004.05.31"]
[Round "6"]
[White "Baron, Romuald"]
[Black "Kurschat, Serge"]
[Result "0-1"]
[WhiteElo "1950"]
[BlackElo "1499"]
[PlyCount "96"]

1. d4 d5 2. c4 c6 3. Nf3 Nf6 4. Nc3 e6 5. e3 Nbd7 6. Bd3 dxc4 7. Bxc4 b5 8. Bb3
a6 9. O-O Be7 10. Qe2 O-O 11. e4 c5 12. e5 Ne8 13. Qe4 Ra7 14. Bc2 g6 15. d5
Bb7 16. Qd3 exd5 17. Nxd5 Bxd5 18. Qxd5 Ng7 19. Rd1 Nb6 20. Qe4 Rd7 21. Rxd7
Qxd7 22. Bg5 Bxg5 23. Nxg5 Ne6 24. Qh4 Nxg5 25. Qxg5 Qc7 26. Re1 Re8 27. f4 Qe7
28. Qg4 Qe6 29. f5 Qc4 30. Qd1 Qd5 31. fxg6 hxg6 32. Qxd5 Nxd5 33. e6 Kg7 34.
Re5 fxe6 35. Be4 Kf6 36. Bxg6 Kxg6 37. g4 Kf6 38. Re2 e5 39. h4 e4 40. Kf2 e3+
41. Kf3 Ke5 42. Kg3 c4 43. h5 Kf6 44. Kh4 Re4 45. Kg3 Kg5 46. Kf3 Re6 47. Kg3
b4 48. h6 Rxh6 0-1

[Event "Open de Louviers"]
[Site "Louviers"]
[Date "2004.05.31"]
[Round "6"]
[White "Wielezynski, Olivier"]
[Black "Gibson, John"]
[Result "0-1"]
[WhiteElo "1660"]
[BlackElo "2020"]
[PlyCount "42"]

1. e4 g6 2. Nf3 d6 3. d4 Bg7 4. Nc3 Nf6 5. Be3 O-O 6. h3 c6 7. Bd3 b5 8. O-O
Re8 9. Ne2 a6 10. Ng3 Nbd7 11. b4 Nb6 12. Rc1 Be6 13. Nd2 Bxa2 14. c4 bxc4 15.
Nxc4 Nxc4 16. Qe2 Nxe3 17. fxe3 Be6 18. Bxa6 Qb6 19. Ra1 Ra7 20. b5 Rea8 21.
Qb2 Bc4 0-1

[Event "Open de Louviers"]
[Site "Louviers"]
[Date "2004.05.31"]
[Round "6"]
[White "Vincent, Didier"]
[Black "Leguillon, David"]
[Result "1-0"]
[WhiteElo "2150"]
[BlackElo "1620"]
[PlyCount "61"]

1. e4 e6 2. d4 d5 3. Nc3 dxe4 4. Nxe4 Nd7 5. Nf3 Ngf6 6. Nxf6+ Nxf6 7. Bd3 Be7
8. O-O O-O 9. Qe2 b6 10. Bg5 Bb7 11. Rfd1 h6 12. Bd2 c5 13. dxc5 Bxc5 14. Bc3
Qe7 15. a3 a5 16. h3 Nd5 17. Be5 f6 18. Bh2 Rae8 19. Bg6 Rc8 20. Re1 f5 21.
Rad1 Nc7 22. Ne5 Qg5 23. g3 f4 24. Qg4 Bxf2+ 25. Kxf2 fxg3+ 26. Kxg3 Qf6 27.
Bg1 Nd5 28. Bd4 Rxc2 29. Bxc2 h5 30. Qe4 Qg5+ 31. Ng4 1-0

[Event "Open de Louviers"]
[Site "Louviers"]
[Date "2004.05.31"]
[Round "6"]
[White "Colard, Eric"]
[Black "Velasquez, Jean-Luc"]
[Result "1/2-1/2"]
[WhiteElo "1710"]
[BlackElo "2014"]
[PlyCount "35"]

1. d4 Nf6 2. Nf3 g6 3. Bg5 Ne4 4. e3 c5 5. c3 Qa5 6. Bf4 d5 7. dxc5 Qxc5 8. Qd4
Qxd4 9. Nxd4 a6 10. f3 Nc5 11. c4 dxc4 12. Bxc4 Bg7 13. Bxb8 Rxb8 14. Nc3 e5
15. Nb3 Ne6 16. Ne4 Ke7 17. O-O-O Bh6 18. Rd3 1/2-1/2

[Event "Open de Louviers"]
[Site "Louviers"]
[Date "2004.05.31"]
[Round "6"]
[White "Canu, Alban"]
[Black "Vine, Guillaume"]
[Result "1/2-1/2"]
[WhiteElo "1810"]
[BlackElo "1660"]
[PlyCount "88"]

1. e4 c5 2. Nf3 Nc6 3. d4 cxd4 4. Nxd4 Nf6 5. Nc3 e5 6. Nb3 Bb4 7. Bd3 d5 8.
exd5 Nxd5 9. Bd2 Nxc3 10. Bxc3 Bxc3+ 11. bxc3 Qg5 12. Qf3 O-O 13. O-O Kh8 14.
Rfe1 f5 15. Qe3 f4 16. Qf3 Rf6 17. Kf1 b6 18. Be4 Bb7 19. Rad1 Rh6 20. h3 Qe7
21. Rd2 Rd8 22. Rxd8+ Nxd8 23. Bxb7 Nxb7 24. Nd4 Qc7 25. Nb5 Qe7 26. Nxa7 Re6
27. Nc6 Qc7 28. Rxe5 Rxe5 29. Nxe5 Qxe5 30. Qxb7 Qb5+ 31. Kg1 h6 32. Qb8+ Kh7
33. Qxf4 Qb1+ 34. Kh2 Qxa2 35. Qf5+ Kh8 36. Qd3 Qa5 37. Qd4 b5 38. Qc5 Qa4 39.
Qf5 Qc4 40. Qf8+ Kh7 41. Qb4 Qc6 42. f3 Qb6 43. c4 Qc7+ 44. Kh1 bxc4 1/2-1/2

[Event "Open de Louviers"]
[Site "Louviers"]
[Date "2004.05.31"]
[Round "6"]
[White "Grenet, Dominique"]
[Black "Rouas, Yannick"]
[Result "0-1"]
[WhiteElo "1600"]
[BlackElo "1720"]
[PlyCount "104"]

1. e4 d6 2. d4 Nf6 3. Nc3 c6 4. Bd3 e5 5. dxe5 dxe5 6. Nf3 Nbd7 7. O-O Qb6 8.
b3 Bd6 9. Bb2 O-O 10. Ne2 a5 11. a4 Re8 12. Ng3 Nc5 13. Re1 Be6 14. Nd2 Nxd3
15. cxd3 Rad8 16. Qc2 Bc5 17. Nc4 Bxc4 18. dxc4 Bb4 19. Red1 Rxd1+ 20. Rxd1 Bc5
21. h3 Bd4 22. Bxd4 exd4 23. Qd3 c5 24. Re1 Nd7 25. f4 Qg6 26. Nf5 Qe6 27. e5
g6 28. Nd6 Rb8 29. Qe4 b6 30. f5 gxf5 31. Nxf5 Re8 32. Qg4+ Qg6 33. Nh6+ Kf8
34. Qxd7 Qxh6 35. e6 Rxe6 36. Rxe6 Qxe6 37. Qd8+ Kg7 38. Qg5+ Qg6 39. Qe5+ Kh6
40. Qf4+ Kg7 41. Qe5+ f6 42. Qc7+ Kh6 43. Qxb6 d3 44. Qd6 Qf5 45. Qf8+ Kg5 46.
Qg7+ Kf4 47. Qc7+ Qe5 48. Qd7 Ke3 49. Qg4 Kd2 50. Kh1 Kc2 51. Qh4 d2 52. Qxh7+
f5 0-1

[Event "Open de Louviers"]
[Site "Louviers"]
[Date "2004.05.31"]
[Round "6"]
[White "Ababsa, Tufek"]
[Black "Baron, Daniel"]
[Result "0-1"]
[WhiteElo "1750"]
[BlackElo "2139"]
[PlyCount "70"]

1. e4 d5 2. Nc3 d4 3. Nce2 c5 4. f4 e5 5. d3 Nc6 6. Nf3 Bd6 7. g3 Nge7 8. Bg2
f6 9. c3 Be6 10. fxe5 fxe5 11. Ng5 Qd7 12. Nxe6 Qxe6 13. O-O O-O-O 14. cxd4
cxd4 15. Bd2 Kb8 16. Qa4 h6 17. b4 Nc8 18. b5 Nb6 19. Qd1 Nb4 20. Bxb4 Bxb4 21.
a4 Rhf8 22. a5 Nd7 23. Ra4 Rxf1+ 24. Bxf1 Be7 25. Nc1 Bg5 26. Nb3 Rf8 27. Rc4
h5 28. Be2 Be3+ 29. Kh1 Rf2 30. Qc2 Nf6 31. Nc5 Qh3 32. Nd7+ Qxd7 33. b6 Ng4
34. Bxg4 Rf1+ 35. Kg2 Rg1+ 0-1

[Event "Open de Louviers"]
[Site "Louviers"]
[Date "2004.05.31"]
[Round "6"]
[White "Dallery, Christophe"]
[Black "Becrit, Guy"]
[Result "1-0"]
[WhiteElo "1770"]
[BlackElo "1240"]
[PlyCount "79"]

1. d4 Nf6 2. c4 g6 3. Nc3 Bg7 4. e4 d6 5. Nf3 O-O 6. Be2 c6 7. h3 Nbd7 8. O-O
c5 9. d5 Nb6 10. Be3 Bd7 11. Rb1 Rb8 12. Qc2 Qe8 13. b3 a6 14. Rfc1 Na8 15. a3
b5 16. b4 bxc4 17. bxc5 Nc7 18. c6 Rxb1 19. Rxb1 Bc8 20. Bxc4 e6 21. Qb3 exd5
22. exd5 Bf5 23. Rd1 Ne4 24. Nxe4 Bxe4 25. Nd2 f5 26. Bb6 Rf7 27. Bxc7 Rxc7 28.
f3 Bd4+ 29. Kh1 Qe5 30. Qb8+ Kg7 31. Qxc7+ Kh6 32. fxe4 Qg3 33. Nf3 Be3 34.
exf5 g5 35. Qe7 Qf4 36. Re1 Qxc4 37. Qxe3 Qf4 38. Qxf4 gxf4 39. Re7 a5 40. a4
1-0

[Event "Open de Louviers"]
[Site "Louviers"]
[Date "2004.05.31"]
[Round "6"]
[White "Vine, Thibaut"]
[Black "Bordelet, Louis"]
[Result "1/2-1/2"]
[WhiteElo "1690"]
[BlackElo "1760"]
[PlyCount "85"]

1. e4 e5 2. Nf3 Nc6 3. Bc4 Nf6 4. d3 Bc5 5. c3 d5 6. exd5 Nxd5 7. O-O Bg4 8.
Nbd2 O-O 9. Ne4 Be7 10. Re1 Na5 11. Bb5 c6 12. Ba4 b5 13. Bc2 Nb7 14. d4 exd4
15. Qd3 h6 16. Neg5 Nf6 17. Nh7 g6 18. Nxf8 Bxf8 19. Bb3 Bf5 20. Qxd4 Bd6 21.
Bxh6 c5 22. Qh4 Ng4 23. Bg5 Qc7 24. Rad1 Kg7 25. Rd2 Rh8 26. Qxh8+ Kxh8 27.
Re8+ Kg7 28. h3 Nf6 29. Ree2 c4 30. Bd1 Ne4 31. Rd4 Nxg5 32. Nxg5 Nc5 33. Rh4
Be6 34. Rxe6 Nxe6 35. Rh7+ Kf6 36. Rxf7+ Qxf7 37. Nxf7 Kxf7 38. f3 Nf4 39. b3
cxb3 40. Bxb3+ Kf6 41. Kf2 Nd3+ 42. Ke3 Ne5 43. Ke4 1/2-1/2

[Event "Open de Louviers"]
[Site "Louviers"]
[Date "2004.05.31"]
[Round "6"]
[White "Drouineau, Olivier"]
[Black "Abra, Mohammed"]
[Result "1-0"]
[WhiteElo "1580"]
[BlackElo "1499"]
[PlyCount "123"]

1. d4 d5 2. c4 e6 3. Nc3 Nf6 4. Nf3 Nc6 5. e3 b6 6. Be2 Be7 7. O-O Bb7 8. a3
Qd7 9. cxd5 exd5 10. Bb5 O-O 11. Ne5 Qe6 12. Bxc6 Bxc6 13. b4 b5 14. Bb2 a6 15.
Rc1 Bd7 16. Qb3 c6 17. a4 Rac8 18. Ne2 Ne4 19. Nf4 Nd2 20. Nxe6 Nxb3 21. Nxf8
Nxc1 22. Nfxd7 Nb3 23. Nc5 Nxc5 24. bxc5 f6 25. Nd3 Bd8 26. axb5 axb5 27. Ra1
Kf7 28. Ra7+ Rc7 29. Rxc7+ Bxc7 30. Nb4 g6 31. g4 Ke6 32. Nxc6 Kd7 33. Nb4 Ke6
34. h3 h6 35. Kg2 g5 36. Kf3 Ba5 37. Nd3 b4 38. e4 b3 39. exd5+ Kxd5 40. Ke3
Bc7 41. f4 Ba5 42. f5 Bc7 43. Nf2 Bf4+ 44. Kd3 Bg3 45. Ne4 Bc7 46. Nxf6+ Kc6
47. Kc4 Bd8 48. d5+ Kc7 49. Ne4 Kd7 50. Kb5 Kc8 51. Nd2 Kb7 52. Nxb3 Ka7 53.
Nd4 Kb7 54. Ne6 Bc7 55. Nxc7 Kxc7 56. c6 h5 57. gxh5 g4 58. hxg4 Kb8 59. h6 Ka7
60. h7 Kb8 61. h8=Q+ Ka7 62. Bd4# 1-0

[Event "Open de Louviers"]
[Site "Louviers"]
[Date "2004.05.31"]
[Round "6"]
[White "Frigere, Guy"]
[Black "Lebert, Eric"]
[Result "0-1"]
[WhiteElo "1380"]
[BlackElo "1490"]
[PlyCount "82"]

1. e4 c6 2. Nf3 d5 3. Nc3 g6 4. d4 Bg7 5. Be3 e6 6. e5 Qc7 7. Be2 Nd7 8. Qd2 a6
9. Bf4 c5 10. O-O c4 11. Rac1 Ne7 12. b3 Nb6 13. Bh6 Nf5 14. Bxg7 Nxg7 15. Qh6
Nf5 16. Qg5 O-O 17. g4 Qe7 18. gxf5 Qxg5+ 19. Nxg5 exf5 20. f4 Be6 21. Rf2 Rac8
22. Na4 Nxa4 23. bxa4 b5 24. axb5 axb5 25. c3 Ra8 26. Bd1 Ra3 27. Rcc2 Kg7 28.
h4 h5 29. Rg2 Kh6 30. Kh2 Rb8 31. Rg3 Rb7 32. Rcg2 Rb6 33. Bxh5 Kxh5 34. Kh3
Ra7 35. Nh7 Kh6 36. Nf6 Ra8 37. Rg5 Rh8 38. Kg3 b4 39. h5 b3 40. Rh2 Kg7 41.
h6+ Kf8 0-1